Quizzes
Events
Quiz Creation
Community
Videos
Private Events
Remove Ads
Sign In
Join for FREE
Feedback
Dark Mode
Quiz Categories
Sports
Geography
Music
Movies
Television
Just For Fun
Miscellaneous
History
Literature
Language
Science
Gaming
Entertainment
Religion
Holiday
For Kids
Quiz Lab
Recent
Popular Today
Quiz Kudos Today
Editor Picks
Curator Picks
Quizzes by...
Day
Popularity
Type
Ratings
Length
Year
Community
Subscriptions
Recent Discussions
Orange Saloon
Badges
Playlists
Quests
Create
Leaderboards
Showdown
Live 5
Trivia Bingo
Activity
Puzzle Library
Sporcle Events
Private Events
Virtual Trivia
Globe League
Become a Host
Pub Owners
SporcleCon
Opinionation
Our Games
Videos
Blog
Mobile Apps
Partnerships
Remove Ads and Go Orange
Feedback
Music
Pop Music
The Beatles
Song
Album
Lyrics
Bands
Singers
Artist
Clip
Rock
Rap
Classical
Billboard
Country Music
Kpop
Taylor Swift
Music
Pop Music
The Beatles
Song
Album
Lyrics
Bands
Singers
Artist
Clip
Rock
Rap
Classical
Billboard
Country Music
Kpop
Taylor Swift
Random Quiz
Search Sporcle
×
Quiz Lab
Quiz Lab
Music
The Beatles
Type in answers that appear in a list
Type in answers that appear in a list
Classic
Best Score? Go Orange.
100 Best Beatles Songs? (An Opinion) Stats
Can you name the My 100 Best Beatles Songs??
By
jadedragon
12m
100 Questions
26 Plays
26 Plays
26 Plays
Comments
Comments
Give Quiz Kudos
Give Quiz Kudos
-
- Ratings
hide this ad
More Info
Random Order
Randomize order of answers
Randomize order of answers
Replay
Link that replays current quiz
Next Quiz
Link to next quiz in quiz playlist
You Got
0%
They Got
Avg Score
56%
Avg Friend Score
Upgrade to see
Score Distribution
Jump to the score distribution portion of the page
Score
0/100
Timer
12:00
0
Plays Today
Album
Song
% Correct
Past Masters
Hey Jude
88.5%
Let It Be
Let It Be
84.6%
Revolver
Yellow Submarine
80.8%
Abbey Road
Something
76.9%
Revolver
Eleanor Rigby
76.9%
A Hard Day's Night
A Hard Day's Night
76.9%
Help!
Yesterday
76.9%
Sgt. Pepper's Lonely Hearts Club Band
Lucy in the Sky with Diamonds
76.9%
Magical Mystery Tour
I Am the Walrus
76.9%
Magical Mystery Tour
Strawberry Fields Forever
73.1%
Rubber Soul
Norwegian Wood (This Bird Has Flown)
73.1%
Sgt. Pepper's Lonely Hearts Club Band
With a Little Help from My Friends
73.1%
Past Masters
I Want to Hold Your Hand
73.1%
Please Please Me
Please Please Me
73.1%
Abbey Road
Come Together
69.2%
Revolver
Tomorrow Never Knows
69.2%
Abbey Road
Here Comes the Sun
69.2%
Revolver
Taxman
69.2%
Rubber Soul
In My Life
69.2%
Magical Mystery Tour
Penny Lane
69.2%
Let it Be
Across the Universe
65.4%
Yellow Submarine
Hey Bulldog
65.4%
Rubber Soul
Michelle
65.4%
Past Masters
Revolution
65.4%
Please Please Me
I Saw Her Standing There
65.4%
Sgt. Pepper's Lonely Hearts Club Band
A Day in the Life
65.4%
The Beatles (White Album)
While My Guitar Gently Weeps
65.4%
Magical Mystery Tour
Hello, Goodbye
65.4%
The Beatles (White Album)
Back in the U.S.S.R
65.4%
Please Please Me
Twist and Shout
65.4%
Past Masters
She Loves You
65.4%
The Beatles (White Album)
Dear Prudence
65.4%
Past Masters
We Can Work It Out
61.5%
Past Masters
Paperback Writer
61.5%
Album
Song
% Correct
The Beatles (White Album)
Happiness Is a Warm Gun
61.5%
Rubber Soul
Girl
61.5%
Abbey Road
Because
61.5%
Help!
Ticket to Ride
61.5%
Abbey Road
Oh! Darling
57.7%
Let It Be
Get Back
57.7%
Past Masters
The Ballad of John and Yoko
57.7%
Help!
You've Got to Hide Your Love Away
57.7%
Sgt. Pepper's Lonely Hearts Club Band
Within You, Without You
57.7%
With the Beatles
All My Loving
57.7%
Abbey Road
Octopus's Garden
57.7%
Sgt. Pepper's Lonely Hearts Club Band
When I'm Sixty-Four
57.7%
Please Please Me
Love Me Do
57.7%
Beatles for Sale
No Reply
57.7%
Beatles for Sale
Every Little Thing
57.7%
Magical Mystery Tour
All You Need Is Love
57.7%
Sgt. Pepper's Lonely Hearts Club Band
Fixing a Hole
57.7%
Let It Be
Two of Us
53.8%
Help!
I've Just Seen a Face
53.8%
Yellow Submarine
All Together Now
53.8%
Abbey Road
I Want You (She's So Heavy)
53.8%
Beatles for Sale
I'll Follow the Sun
53.8%
The Beatles (White Album)
Ob-La-Di, Ob-La-Da
53.8%
Past Masters
I Feel Fine
53.8%
Help!
Help!
53.8%
Past Masters
She's a Woman
53.8%
A Hard Day's Night
And I Love Her
53.8%
The Beatles (White Album)
Cry Baby Cry
53.8%
Sgt. Pepper's Lonely Hearts Club Band
Sgt. Pepper's Lonely Hearts Club Band
53.8%
With the Beatles
It Won't Be Long
50%
The Beatles (White Album)
Rocky Raccoon
50%
Sgt. Pepper's Lonely Hearts Club Band
Being for the Benefit of Mr. Kite!
50%
Abbey Road
Maxwell's Silver Hammer
50%
Revolver
Love You To
50%
Album
Song
% Correct
Revolver
Good Day, Sunshine
50%
The Beatles (White Album)
Sexy Sadie
50%
Please Please Me
Anna (Go with Him)
50%
Revolver
For No One
50%
Let It Be
One After 909
50%
Let It Be
Dig a Pony
50%
Abbey Road
Golden Slumbers/Carry That Weight/The End
46.2%
A Hard Day's Night
Things We Said Today
46.2%
Please Please Me
Boys
46.2%
The Beatles (White Album)
Savoy Truffle
46.2%
Beatles for Sale
Rock and Roll Music
46.2%
The Beatles (White Album)
Birthday
46.2%
Beatles for Sale
What You're Doing
46.2%
Let It Be
I Me Mine
46.2%
Let It Be
I've Got a Feeling
46.2%
With the Beatles
Please Mister Postman
46.2%
Help!
The Night Before
46.2%
The Beatles (White Album)
Everybody's Got Something to Hide Except Me and My Monkey
46.2%
Magical Mystery Tour
Blue Jay Way
46.2%
The Beatles (White Album)
Yer Blues
42.3%
The Beatles (White Album)
Glass Onion
42.3%
The Beatles (White Album)
Helter Skelter
42.3%
Rubber Soul
Wait
42.3%
Rubber Soul
Run for Your Life
42.3%
A Hard Day's Night
I'm Happy Just to Dance with You
42.3%
Past Masters
Don't Let Me Down
42.3%
Revolver
I'm Only Sleeping
38.5%
Help!
It's Only Love
34.6%
Rubber Soul
If I Needed Someone
34.6%
The Beatles (White Album)
I Will
34.6%
The Beatles (White Album)
I'm So Tired
30.8%
The Beatles (White Album)
Why Don't We Do It in the Road?
15.4%
Quiz Playlist
Details
Report
Send in Message
Add To Playlist
More Info:
Try and guess which are my top 100 Beatles Songs. They are in random order. Have fun!
Classic:
Type in answers that appear in a list
Random Order:
Randomize order of answers
Last Updated: Feb 16, 2017
Quiz Scoreboard
CHALLENGE
Sign Up to Join the Scoreboard
Show All
Scores
Hide
Comments
May contain spoilers
Recently Published
An Introduction to Baseball
by treessimontrees
Sports
5m
Movies - When Are They Set?
by FPL_Elf
Movies
5m
Popular People in 1961
by mucciniale
History
6m
More to Explore
Quiz From the Vault
Featured Blog Post
Where Did the Easter Bunny Come From?
hide this ad
You Might Also Like...
Tags
The Beatles Quiz
Today's Top Quizzes in Music
Browse Music
hide this ad
Today's Top Quizzes in The Beatles
Browse The Beatles
Top Contributed Quizzes in Music
1
Taylor Swift All Songs (2024)
2
2010s Album by Cover III
3
Guess the Artist- 70s Songs
4
One Thing in Common: Music
5
Taylor Swift Logic Puzzle
6
Guess the Taylor Swift song (Mystery Song)
7
2010s Album by Cover IV
8
2010s Album by Cover V
9
KPOP LOGIC QUIZ
10
Kpop Logic Quiz
Explore More
Trending Topics
Kpop
Crossword
NBA
Disney
Harry Potter
Anime
Marvel
Soccer
Pokémon
The Office
Country
Puzzle
Song
WWE
NFL
hide this ad
More By:
jadedragon
Quiz
Plays
Rating
Category
Featured
Created
A Dance with Dragons Chapters by POV
1,052
3.40
Literature
Aug 30, 2015
Go to Creator's Profile
Score Distribution
Quiz Creator Spotlight
jadedragon
Follow
Send a Message
Quizzes Created
-
Created Quiz Play Count
-
More By This Creator
Popular Quizzes Today
1
Find the Countries of Europe - No Outlines Minefield
2
Find the US States - No Outlines Minefield
3
The Countries of the World
4
Popular People in 1961
5
US States
6
1-10 Letter E Words III
7
Find the US States
8
One Thing in Common: World Cities II
More Music Quizzes
Itzy Position Sorter
Quiz Lab
Trending Quizzes
Risky Map Clicking: Least Populous States A-Z
1-10 Letter F Words
1-10 Letter G Words
One Thing in Common: United Kingdom
Risky Map Clicking: Next State Alphabetically
Recently Updated
Leaping Animals
pecheneg
Reality TV Shows (A-Z)
bhenderson79
Rickey Henderson's Hall of Fame Teammates
pecheneg
Champions League XIs: Arsenal
pecheneg
Quick Pick: Celebrities in WWE's Hall of Fame
aduchscher
A-Z Keypad Blitz II
pecheneg
Multiple Oscar Actors
pecheneg
Mystery Phrase Blitz: Oscar 'Best Actors'
pecheneg
F. Scott Fitzgerald Novels
LTH
Pick 3 Villains
ddd62291
Trending Topics
Crossword
Harry Potter
Kpop
Anime
NBA
Marvel
Disney
WWE
The Office
Country
Song
Puzzle
NFL
Soccer
Pokémon
Your Account Isn't Verified!
In order to create a playlist on Sporcle, you need to verify the email address you used during registration. Go to your
Sporcle Settings
to finish the process.
Report this User
Report this user for behavior that violates our
Community Guidelines
.
Details:
Send Report
Go to the Sporcle.com Mobile Site →
Comments